000 00606nam a22001817a 4500
003 UA-OsUOA
001 6848
007 ta
008 20040602b un ||||| |||| 00| 0 ukr d
100 _aШатохіна О.
942 _cSA
040 _aUA-OsUOA
_cUA-OsUOA
_dUA-OsUOA
245 _aОсобливості організації та проведення техногенного санаційного аудиту підприємств України
300 _aС.59-64
955 _a0
773 0 _w0
_tБухгалтерський облік і аудит
_dКиїв
_d2004
_g№4
650 7 _2UDC
999 _c293009
_d293009